MARC

Tag First Indicator Second Indicator Subfields
LEADER 00000cam a2200000Ma 4500
001 in00002786439
006 m o d
007 cr |n|||||||||
008 121029s2012 laua ob 001 0 eng d
005 20250816210425.9
020 |a 0807147575 (electronic bk.) 
020 |a 9780807147573 (electronic bk.) 
020 |z 9780807147566 (cloth : alk. paper) 
020 |z 0807147567 (cloth : alk. paper) 
020 |z 9780807147580 (epub) 
020 |z 0807147583 (epub) 
020 |z 9780807147597 (mobi) 
020 |z 0807147591 (mobi) 
035 |a (OCoLC)ocn815382755 
035 |a (NhCcYBP)ebr10610260 
035 |a (OCoLC)815382755 
040 |a YDXCP  |c YDXCP  |d N$T  |d EBLCP  |d OCLCQ  |d E7B  |d TXA  |d UtOrBLW 
043 |a n-usu-- 
049 |a TXAM 
050 4 |a F216.2  |b .O54 2012eb 
072 7 |a HIS  |x 036120  |2 bisacsh 
082 0 4 |a 975/.044  |2 23 
245 0 4 |a The ongoing burden of southern history :  |b politics and identity in the twenty-first-century South /  |c edited by Angie Maxwell, Todd Shields, and Jeannie Whayne. 
264 1 |a Baton Rouge :  |b Louisiana State University Press,  |c [2012] 
264 4 |c ©2012 
300 |a 1 online resource (xix, 208 pages) :  |b illustrations 
336 |a text  |b txt  |2 rdacontent 
337 |a computer  |b c  |2 rdamedia 
338 |a online resource  |b cr  |2 rdacarrier 
490 1 |a Making the modern South 
504 |a Includes bibliographical references and index. 
588 |a Description based on print version record. 
500 |a Electronic resource. 
651 0 |a Southern States  |x Politics and government  |y 21st century. 
651 0 |a Southern States  |x Social conditions  |y 21st century. 
651 0 |a Southern States  |x Civilization  |y 21st century. 
600 1 0 |a Woodward, C. Vann  |q (Comer Vann),  |d 1908-1999.  |t Burden of southern history. 
650 7 |a HISTORY / United States / State & Local / South (AL, AR, FL, GA, KY, LA, MS, NC, SC, TN, VA, WV)  |2 bisacsh 
655 7 |a Electronic books.  |2 local 
700 1 |a Maxwell, Angie,  |d 1978- 
700 1 |a Shields, Todd,  |d 1968- 
700 1 |a Whayne, Jeannie M. 
710 2 |a ebrary, Inc. 
776 0 8 |i Print version:  |z 9780807147566  |z 0807147567  |z 0807147575  |z 9780807147580  |z 0807147583  |z 9780807147597  |z 0807147591  |w (DLC) 2012007907 
830 0 |a Making the modern South. 
856 4 0 |u https://ebookcentral.proquest.com/lib/tamucs/detail.action?docID=1037907  |y Connect to the full text of this electronic book  |t 0 
948 |a cataloged  |b h  |c 2013/6/13  |d c  |e jlanham  |f 11:49:36 am 
994 |a C0  |b TXA 
999 f f |s 931e208e-c3bb-3da1-886b-b3573206b721  |i 82047043-58e8-30d1-9f9e-e94fe1430ca2  |t 0 
999 |a MARS 
952 f f |a Texas A&M University  |b College Station  |c Electronic Resources  |d Available Online  |t 0  |e F216.2 .O54 2012eb  |h Library of Congress classification 
998 f f |a F216.2 .O54 2012eb  |t 0  |l Available Online